| 000 | 00360nam a22001457a 4500 | ||
|---|---|---|---|
| 003 | OSt | ||
| 008 | 201120b ||||| |||| 00| 0 eng d | ||
| 100 | _aJALOTE, Pankaj | ||
| 245 | _aIntegrated Approach to Software Engineering | ||
| 250 | _aReprint | ||
| 260 |
_aNew Delhi _bNarosa _c2015 |
||
| 300 | _a495 | ||
| 650 | _aB.Sc Computer Science | ||
| 942 |
_2ddc _cBK |
||
| 999 |
_c9310 _d9310 |
||